ត្រចៀកកាំ ចាប និង គ្រាប់ធ្មៃ : (Record no. 8570)
[ view plain ]
| 000 -LEADER | |
|---|---|
| fixed length control field | 02824nam a22003017a 4500 |
| 001 - CONTROL NUMBER | |
| control field | 8570 |
| 003 - CONTROL NUMBER IDENTIFIER | |
| control field | FISKH |
| 005 - DATE AND TIME OF LATEST TRANSACTION | |
| control field | 20250930115904.0 |
| 008 - FIXED-LENGTH DATA ELEMENTS--GENERAL INFORMATION | |
| fixed length control field | 250930b cb ||||| |||| 00| 0 eng d |
| 020 ## - INTERNATIONAL STANDARD BOOK NUMBER | |
| International Standard Book Number | 9789996325601 |
| 040 ## - CATALOGING SOURCE | |
| Original cataloging agency | FISKH |
| Language of cataloging | khr |
| Transcribing agency | FISKH |
| Modifying agency | FISKH |
| 050 ## - LIBRARY OF CONGRESS CALL NUMBER | |
| Classification number | PZ7 |
| 082 ## - DEWEY DECIMAL CLASSIFICATION NUMBER | |
| Classification number | 590 |
| 100 ## - MAIN ENTRY--PERSONAL NAME | |
| Personal name | Pahen, Hay |
| 245 ## - TITLE STATEMENT | |
| Title | ត្រចៀកកាំ ចាប និង គ្រាប់ធ្មៃ : |
| Remainder of title | Swallow , sparrow and hemp seeds / |
| Statement of responsibility, etc. | អ្នករៀបរៀង ហៃ ប៉ាហុិន |
| 260 ## - PUBLICATION, DISTRIBUTION, ETC. | |
| Place of publication, distribution, etc. | Phnom Penh : |
| Name of publisher, distributor, etc. | Books World , |
| Date of publication, distribution, etc. | 2013. |
| 300 ## - PHYSICAL DESCRIPTION | |
| Extent | 16 pages : |
| Other physical details | color illustrations ; |
| Dimensions | 25 cm . |
| 505 ## - FORMATTED CONTENTS NOTE | |
| Formatted contents note | J <br/> |
| 520 ## - SUMMARY, ETC. | |
| Summary, etc. | រឿងនេះនិយាយអំពីតួអង្គបីគឺ ត្រចៀកកាំ (សត្វមានត្រចៀកវែង), ចាប (បក្សីតូចមួយ), និង គ្រាប់ធ្មៃ (គ្រាប់បន្លែ)។ ពួកវាជាមិត្តរួមរស់គ្នា មានការអភិរម្យ និងជួយស្របពេលមានបញ្ហា។ មួយថ្ងៃមានអាកាសធាតុធ្លាក់ទឹកភ្លៀងខ្លាំង ហើយត្រចៀកកាំបានជួយសង្គ្រោះគ្រាប់ធ្មៃដែលជិតលិចទឹក។ ចាបក៏បានជួយផងដែរ។ បន្ទាប់មក នៅពេលចាបជួបអាសន្ន ត្រចៀកកាំ និងគ្រាប់ធ្មៃក៏បានរួមគ្នាជួយវិញ។<br/>រឿងនេះបង្ហាញពី ការរួសរាយរួសរាក់ ជួយគ្នា សងគុណ និងការរស់នៅដោយសុខសន្តិភាពក្នុងសង្គម។ |
| 520 ## - SUMMARY, ETC. | |
| Summary, etc. | This story talks about three characters: Tror Cheak Kam (a long-eared animal), Chab (a small bird), and Krob Thmei (a vegetable seed). They are friends who live together peacefully, showing kindness and helping each other in times of trouble.<br/>One day, there was heavy rain, and Tror Cheak Kam helped rescue Krob Thmei, who was about to be flooded. Chab also helped. Later, when Chab was in danger, Tror Cheak Kam and Krob Thmei worked together to help in return.This story highlights the values of kindness, mutual help, gratitude, and peaceful living in society. |
| 521 8# - TARGET AUDIENCE NOTE | |
| Target audience note | 500 <br/> |
| Source | Lexile estimate <br/> |
| 521 8# - TARGET AUDIENCE NOTE | |
| Target audience note | J <br/> |
| Source | Raz-Plus <br/> |
| 650 ## - SUBJECT ADDED ENTRY--TOPICAL TERM | |
| Topical term or geographic name entry element | ត្រចៀកកាំ ចាប និង គ្រាប់ធ្មៃ |
| Form subdivision | រឿងនិទានកុមារ |
| 650 ## - SUBJECT ADDED ENTRY--TOPICAL TERM | |
| Topical term or geographic name entry element | Swallow, saprrow and hemp seeds |
| Form subdivision | Children's stories |
| 700 ## - ADDED ENTRY--PERSONAL NAME | |
| Personal name | Chanphanit, Tim |
| 942 ## - ADDED ENTRY ELEMENTS (KOHA) | |
| Source of classification or shelving scheme | Dewey Decimal Classification |
| Koha item type | Khmer Books |
| Suppress in OPAC | No |
| Withdrawn status | Lost status | Source of classification or shelving scheme | Damaged status | Not for loan | Collection | Home library | Current library | Shelving location | Date acquired | Total Checkouts | Full call number | Barcode | Date last seen | Price effective from | Koha item type |
|---|---|---|---|---|---|---|---|---|---|---|---|---|---|---|---|
| Dewey Decimal Classification | Khmer-English Bilingual / ភាសាខ្មែរ-អង់គ្លេស | Footprints International School Library Network Toul Tom Poung Campus | Footprints International School Library Network Toul Tom Poung Campus | TTP Primary Khmer Bookshelves | 09/30/2025 | PAH PZ7 590 | FISBK072189 | 09/30/2025 | 09/30/2025 | Khmer Books |
